| 000 | 00849nam a22001815i 4500 | ||
|---|---|---|---|
| 001 | 159952 | ||
| 003 | ES-MaACL | ||
| 005 | 20230906211906.0 | ||
| 008 | 000210s1870 sp |||| | spa d | ||
| 040 |
_aCAM _bspa _cCAM |
||
| 100 | 1 |
_aMondéjar y Mendoza, Angel. _9130050 |
|
| 245 | 1 | 4 |
_aLos insociables _b: comedia en un acto y en prosa / _coriginal de Angel Mondéjar y Mendoza y Manuel Genaro Rentero. |
| 260 |
_aMadrid : _b[s.n.], _c1870 ( _fImp. de F. López Vizcaíno) |
||
| 300 |
_a32 p. ; _c18 cm. |
||
| 500 | _aEn port.: Estrenada en Madrid... en el Teatro de Novedades, el día 7 de octubre de 1870. | ||
| 700 | 1 |
_aRentero, Manuel Genaro. _9140053 |
|
| 852 |
_aES-MaACL _jF-8595(3) _z-- Enc. pasta española _q-- Falto de la cub. original _z-- Enc. en un vol. facticio formando parte de la col. facticia "Teatro español moderno", vol. 48 |
||
| 999 |
_c159952 _d159952 |
||